Statistics for Games from The Cube

Click here to take the quiz!

General Stats

  • This quiz has been taken 4 times
    (3 since last reset)
  • The average score is 80 of 133

Answer Stats

First LetterName of Game% Correct
AAdvance
100%
AAperture
100%
AAssemble
100%
AAxis
100%
BBalance
100%
BBarrier
100%
BBlind Catch
100%
BBlind-Shot
100%
CCalculate
100%
CCascade
100%
CColour Count
100%
CComposure
100%
CConstruction
100%
CContact
100%
CContain
100%
DDestruction
100%
DDrop Zone
100%
DDual Reflex
100%
EElevation
100%
EEqual
100%
EExpulsion
100%
FFocus
100%
FFreefall
100%
GGradient
100%
GGrid
100%
HHorizontal
100%
IInvert
100%
LLaser
100%
LLuminate
100%
MMemorise
100%
MMemory Flash
100%
MMid-Point
100%
MMomentum
100%
OOrder
100%
QQuadrant
100%
QQuantity
100%
QQuickfire
100%
RReaction
100%
RResponse
100%
SSequence
100%
SStabilise
100%
SStop Zone
100%
TTime Freeze
100%
TTime Split
100%
TTrail
100%
TTransferal
100%
VVault
100%
VVelocity
100%
VVoid
100%
AAccelerate
50%
AAngular
50%
AAnomaly
50%
AApex
50%
AArc
50%
BBarrage
50%
CChase
50%
CCircuit
50%
CCircumference
50%
CClassify
50%
CColumn
50%
CConfiguration
50%
CCurvature
50%
CCylinder
50%
DDead Stop
50%
DDescent
50%
DDigit
50%
DDirection
50%
DDrop Shot
50%
DDuration
50%
EEliminate
50%
EEquilibrium
50%
EExact
50%
EExtraction
50%
HHit Rate
50%
IIdentify
50%
LLocate
50%
MMetronome
50%
MMultisphere
50%
NNavigate
50%
PParallel
50%
PPathfinder
50%
PPendulum
50%
PPerimeter
50%
PPoise
50%
PPrecision
50%
PPulse
50%
RRapid Fire
50%
RRebound
50%
RReposition
50%
RReversal
50%
RRevolution
50%
RRevolving-Shot
50%
RRicochet
50%
SSelection
50%
SSeparation
50%
SShatter
50%
SSidestep
50%
SSide-Track
50%
SSize
50%
SSpike
50%
SStack
50%
SStructure
50%
SSummit
50%
TTally
50%
TTotalise
50%
TTower
50%
TTransport
50%
TTremor
50%
TTurn
50%
VVertical Drop
50%
AAvoid
0%
CCapacity
0%
CCollision
0%
CCube Transfer
0%
CCycle
0%
DDrift
0%
EExchange
0%
FFormation
0%
MMaze
0%
MMotion Build
0%
PPinpoint
0%
PPlacement
0%
PPlummet
0%
PPropulsion
0%
PPursuit
0%
RReflex
0%
RRepetition
0%
RReset
0%
SScan
0%
SSuccession
0%
SSymmetry
0%
TTemplate
0%
TTilt
0%

Score Distribution

Percentile by Number Answered

Percent of People with Each Score

Your Score History

You have not taken this quiz since the last reset